书目信息 |
| 书名: | Dictionary of management | |
| 作者: | Derek French and Heather Saward | |
| 分册号: | ||
| 分册名: | 出版地: | Aldershot, Hants, England : |
|
| 出版社: | Gower | |
| 出版时间: | 1983. | |
| 页数: | x, 470 p. ; | |
| 开本: | 20 cm. | |
| 丛书名: | ||
| 中图分类号: | ||
| 科图分类号: | ||
| 其他分类号: | C93-61:H31 | |
| 主题词: | ||
| 电子资源: | ||
| 000 | 00942nam 2200289 a 4500 | |
| 001 | E0732112844 | |
| 005 | 20070302085932.93 | |
| 008 | 00010 eng | |
| 008 | uu | |
| 010 | @a84186281 | |
| 020 | @a0566022966 :@c$41.95 (U.S.). | |
| 049 | @aN5LA | |
| 050 | 0 | @aHD30.15 @b.F74 1983 |
| 082 | 0 | @a658/.003/21 @219 |
| 090 | @a2G-85/F27-61/D55/ 1983////////+755382-83/ 2cop./741877/ cop.3/797397/ cop.4 | |
| 090 | @aC93-61:H31 | |
| 096 | @aF27-61 @v2 | |
| 099 | @dC93-61:H31@ex7=2 | |
| 245 | 00 | @aDictionary of management / @cDerek French and Heather Saward |
| 250 | @a2nd ed. | |
| 260 | 0 | @aAldershot, Hants, England :@bGower,@c1983. |
| 300 | @ax, 470 p. ;@c20 cm. | |
| 650 | 0 | @aManagement @xDictionaries. |
| 650 | 0 | @aEconomics @xDictionaries. |
| 700 | 1 | @aFrench, Derck. |
| 700 | 10 | @aSaward, Heather. @b00 @c20020930 @lNLC09 @h2249 @lNLC09 @h2332 @lNLC09 @h1924 |
| 852 | 9 | @bWWJC @cJ09 @k2G-85 @hF27-61 @iD55/1983 |
| Dictionary of management / / Derek French and Heather Saward.-2nd ed.-Aldershot, Hants, England : : Gower, , 1983. |
| x, 470 p. ; ; 20 cm. |
| ISBN 0566022966 :$41.95 (U.S.). |
| ● |
| 相关链接 |
|
|
|
|
正题名:Dictionary of management
索取号:C93-61:H31/x7=2
 
预约/预借
| 序号 | 登录号 | 条形码 | 馆藏地/架位号 | 状态 | 备注 |
| 1 | 137917 | 001169318 | 第四借阅区/ [索取号:C93-61:H31/x7=2] | 在馆 | |
| 2 | 137918 | 001169354 | 第四借阅区/ [索取号:C93-61:H31/x7=2] | 在馆 | |
| 3 | 137920 | 001169363 | 第二样本阅览室/ [索取号:C93-61:H31/x7=2] | 在馆 |